000 00319nam a22001457a 4500
008 210302b ||||| |||| 00| 0 eng d
020 _a752064712015
041 _aeng
080 _a004
082 _a004
100 _a28
101 _aSHKI
245 _aDesigning with Web Standards
_cZeldman, J
942 _2udc
_cBK
999 _c55431
_d55431